I-70 States - Sudden Death - Statistics

General Stats
  • This quiz has been taken 20 times
  • The average score is 6 of 10
Answers on the Grid
Answers color-coded by a green-red scale on the quiz's grid according to % correct below.
California
Colorado
Delaware
Idaho
Illinois
Indiana
Iowa
Kansas
Kentucky
Maryland
Missouri
Nebraska
Nevada
New Jersey
North Carolina
Ohio
Oregon
Pennsylvania
Utah
West Virginia
Wyoming
 
Answer Stats
Answer % Correct
Colorado
80%
Illinois
73%
Kansas
73%
Missouri
73%
Indiana
67%
Utah
67%
Ohio
53%
Pennsylvania
47%
Maryland
33%
West Virginia
27%
No matching quizzes found
Score Distribution
Percent of People with Each Score
Percentile by Number Answered
Your Score History
You have not taken this quiz